000 00600nam a22002057a 4500
003 UA-OsUOA
001 38319
007 ta
008 20060504b un ||||| |||| 00| 0 ukr d
090 _a32
_bП11
942 _cSA
040 _aUA-OsUOA
_bukr
_cUA-OsUOA
_dUA-OsUOA
245 _aПро внесення змін до деяких законів України щодо помічників-консультантів дерутата місцевої ради
300 _a614-615 с.
955 _a0
041 _aukr
080 _a32
773 0 _w38318
650 7 _a32 Політика
_2UDC
999 _c324484
_d324484